Starting statistics: a short, clear guide (Record no. 76747)

MARC details
000 -LEADER
fixed length control field 01352nam a2200241 a 4500
008 - FIXED-LENGTH DATA ELEMENTS--GENERAL INFORMATION
fixed length control field 160425s2010 ||||||||||||||||| || u
020 ## - INTERNATIONAL STANDARD BOOK NUMBER
International Standard Book Number 9781849200981
050 ## - LIBRARY OF CONGRESS CALL NUMBER
Classification number HA 29 Bur
100 ## - MAIN ENTRY--PERSONAL NAME
Personal name Burdess, Neil
245 10 - TITLE STATEMENT
Title Starting statistics: a short, clear guide
Statement of responsibility, etc. By Neil Burdess
260 ## - PUBLICATION, DISTRIBUTION, ETC.
Place of publication, distribution, etc. Los Angeles
Name of publisher, distributor, etc. SAGE Publications
Date of publication, distribution, etc. 2010
300 ## - PHYSICAL DESCRIPTION
Extent x, 187p.: ill.
350 ## -
-- 46.00
500 ## - GENERAL NOTE
General note REFERENCES
650 #0 - SUBJECT ADDED ENTRY--TOPICAL TERM
Topical term or geographic name entry element SOCIAL SCIENCES--STATISTICAL METHODS
650 ## - SUBJECT ADDED ENTRY--TOPICAL TERM
Topical term or geographic name entry element SOCIAL SCIENCES -- STATISTICAL METHODS
650 #7 - SUBJECT ADDED ENTRY--TOPICAL TERM
Topical term or geographic name entry element STATISTICS
Source of heading or term fast
995 ## -
-- MAIN LIBRARY OPEN ACCESS
-- 744476
-- CBU-MAIN LIBRARY (Kitwe)
-- HA 29 Bur
-- 1
-- AVAILABLE
-- Sep 17, 2013
-- 744476
-- Main Library Open Access Collection
995 ## -
-- ANNEX COLLECTION (Main Library)
-- 746445
-- CBU-MAIN LIBRARY (Kitwe)
-- 46.00
-- HA 29 Bur
-- 4
-- AVAILABLE
-- May 12, 2016
-- 746445
-- Annex Low-Usage Collection
995 ## -
-- MAIN LIBRARY OPEN ACCESS
-- 744477
-- CBU-MAIN LIBRARY (Kitwe)
-- HA 29 Bur
-- 2
-- AVAILABLE
-- Sep 17, 2013
-- 744477
-- Main Library Open Access Collection
995 ## -
-- MAIN LIBRARY OPEN ACCESS
-- 744478
-- CBU-MAIN LIBRARY (Kitwe)
-- HA 29 Bur
-- 3
-- AVAILABLE
-- Sep 17, 2013
-- 744478
-- Main Library Open Access Collection
995 ## -
-- ANNEX COLLECTION (Main Library)
-- 746149
-- CBU-MAIN LIBRARY (Kitwe)
-- 46.00
-- HA 29 Bur
-- 1
-- AVAILABLE
-- May 5, 2016
-- 746149
-- Annex Low-Usage Collection
999 ## -
-- 76747
-- 76747
Holdings
Withdrawn status Lost status Source of classification or shelving scheme Damaged status Not for loan Permanent Location Current Location Shelving location Date acquired Total Checkouts Full call number Barcode Date last seen Copy number Price effective from Koha item type
          CBU-MAIN LIBRARY, KITWE. CBU-MAIN LIBRARY, KITWE.   04/25/2023   HA 29 Bur 744476 04/25/2023 1 04/25/2023 MONOGRAPH
          CBU-MAIN LIBRARY, KITWE. CBU-MAIN LIBRARY, KITWE.   04/25/2023   HA 29 Bur 746445 04/25/2023 2 04/25/2023 MONOGRAPH
          CBU-MAIN LIBRARY, KITWE. CBU-MAIN LIBRARY, KITWE.   04/25/2023   HA 29 Bur 744477 04/25/2023 3 04/25/2023 MONOGRAPH
          CBU-MAIN LIBRARY, KITWE. CBU-MAIN LIBRARY, KITWE.   04/25/2023   HA 29 Bur 744478 04/25/2023 4 04/25/2023 MONOGRAPH
          CBU-MAIN LIBRARY, KITWE. CBU-MAIN LIBRARY, KITWE.   04/25/2023   HA 29 Bur 746149 04/25/2023 5 04/25/2023 MONOGRAPH